000 nam a22 a 4500
999 _c4039
_d4039
005 20170525084113.0
008 170525s1987 xxuac || 001 |beng d
020 _a0025173901
040 _aAKMAL
082 _a940.54 BRO
090 _a940.54
_bBRO
100 _a Brown, Anthony Cave,
_d1929-
_97913
245 _a"C"
_bthe secret life of Sir Stewart Graham Menzies, spymaster to Winston Churchill /
_cAnthony Cave Brown.
260 _aNew York
_b Macmillan,
_cc1987.
300 _a 830 p., [16] p. of plates :
_b ill., ports. ;
_c 25 cm.
500 _a Includes index.
504 _aBibliography: p. 797-813.
600 _aMenzies, Stewart,
_cSir,
_d 1890-1968.
_97914
650 _aWorld War, 1939-1945
_x Secret service
_zGreat Britain.
_97915
942 _2ddc
_cBOOK